Essential Statistics in Business & Economics (Record no. 4051)

MARC details
005 - DATE AND TIME OF LATEST TRANSACTION
control field 20250614081635.0
020 ## - INTERNATIONAL STANDARD BOOK NUMBER
International Standard Book Number 978-0-07-337363-8
082 ## - DEWEY DECIMAL CLASSIFICATION NUMBER
Classification number 519.5DOA
100 ## - MAIN ENTRY--PERSONAL NAME
Author name DOANE,D.P.
245 ## - TITLE STATEMENT
Title Essential Statistics in Business & Economics
250 ## - EDITION STATEMENT
Edition statement Student Ed.
260 ## - PUBLICATION, DISTRIBUTION, ETC.
Place of publication, distribution, etc. NewYork,
Name of publisher, distributor, etc. McGraw-Hill/Irwin,
Date of publication, distribution, etc. 2008.
300 ## - PHYSICAL DESCRIPTION
Extent xvi,604p.:ill.;figures,tables
Other physical details Index
Dimensions 28.5cm
700 ## - ADDED ENTRY--PERSONAL NAME
Other authors/Editors SEWARD, Lori E.
942 ## - ADDED ENTRY ELEMENTS (KOHA)
Source of classification or shelving scheme Dewey Decimal Classification
Koha item type Books
Holdings
Date last seen Total checkouts Full call number Barcode Cost, replacement price Price effective from Koha item type Lost status Source of classification or shelving scheme Damaged status Not for loan Withdrawn status Home library Current library Shelving location Date acquired Source of acquisition Cost, normal purchase price
06/14/2025   519.5DOA MZA000921 150000.00 06/14/2025 Books   Dewey Decimal Classification       CBE Mwanza CBE Mwanza General Collection 06/01/2007 Library Budget 50000.00
06/14/2025   519.5DOA MZA000922 150000.00 06/14/2025 Books   Dewey Decimal Classification       CBE Mwanza CBE Mwanza General Collection 06/01/2007 Library Budget 50000.00
06/14/2025   519.5DOA MZA000923 150000.00 06/14/2025 Books   Dewey Decimal Classification       CBE Mwanza CBE Mwanza General Collection 06/01/2007 Library Budget 50000.00
06/14/2025   519.5DOA MZA000924 150000.00 06/14/2025 Books   Dewey Decimal Classification       CBE Mwanza CBE Mwanza General Collection 06/01/2007 Library Budget 50000.00
06/14/2025   519.5DOA MZA000925 150000.00 06/14/2025 Books   Dewey Decimal Classification       CBE Mwanza CBE Mwanza General Collection 06/01/2007 Library Budget 50000.00
06/14/2025   519.5DOA MZA000926 150000.00 06/14/2025 Books   Dewey Decimal Classification       CBE Mwanza CBE Mwanza General Collection 06/01/2007 Library Budget 50000.00